00386 2200145 4500245007400000020001800074250001100092100001900103650003600122005001900158260003100177041001400208084000900222336000900231 aEnsiklopedia Ilmiah Anak Muslim ; Sains jilid 7cTethy EzokanzohText a9786027943001 aCet. 1 aTethy Ezokanzo aEnsiklopedia Ilmiah Anak Muslim a20240820095346 aJakartabKaisar Ilmuc2013 aIndonesia aNONE atext